Statistics for Ice Hockey World Championship Winners

Click here to take the quiz!

General Stats

  • This quiz has been taken 514 times
  • The average score is 9 of 10

Answer Stats

# of Titles Country % Correct
26Canada
100%
5Russia
99%
11Sweden
98%
3Finland
98%
2United States
98%
6Czech Republic
90%
22Soviet Union
89%
1Slovakia
81%
1Great Britain
76%
6Czechoslovakia
71%

Score Distribution

Percentile by Number Answered

Percent of People with Each Score

Your Score History

You have not taken this quiz